[Event "Foment Martinenc op-C 19st"]
[Site "Barcelona"]
[Date "2017.05.20"]
[Round "5.33"]
[White "Yanischevsky, Anibal"]
[Black "Andreu Ferro, Biel"]
[Result "1-0"]
[WhiteElo "1668"]
[BlackElo "1480"]
[PlyCount "109"]
[EventDate "2017.04.22"]
[EventType "swiss"]
[EventRounds "9"]
[EventCountry "ESP"]
[SourceTitle "EXT 2024"]
[Source "ChessBase"]
[SourceDate "2023.10.10"]
[SourceVersion "1"]
[SourceVersionDate "2023.10.10"]
[SourceQuality "1"]

1. e4 e5 2. Nf3 Nc6 3. Bc4 Bc5 4. b4 Bxb4 5. c3 Bd6 6. 0-0 Nf6 7. d4 Nxe4 8. Re1 f5 9. Qb3 Qf6 10. Ba3 Rf8 11. Bxd6 Qxd6 12. dxe5 Nxe5 13. Nxe5 Qxe5 14. f3 Qc5+ 15. Kh1 Qf2 16. Rf1 Ng3+ 17. hxg3 Qxg3 18. Nd2 Rf6 19. Rae1+ Kd8 20. Bf7 Rh6+ 21. Kg1 Qh2+ 22. Kf2 Qh4+ 23. Ke2 Qe7+ 24. Kd1 Re6 25. Bxe6 dxe6 26. Re3 f4 27. Rd3+ Bd7 28. Qxb7 Rc8 29. Qxa7 Ke8 30. Re1 c5 31. Nc4 Bb5 32. Nd6+ Kf8 33. Qxe7+ Kxe7 34. Nxc8+ Kf6 35. Rd6 Bc4 36. a3 Bb3+ 37. Kc1 h5 38. Kb2 Bc4 39. Nb6 Bd5 40. Nxd5+ Kg5 41. Rh1 c4 42. Rxe6 g6 43. Re5+ Kh6 44. Nxf4 g5 45. Nxh5 Kg6 46. Ra5 g4 47. fxg4 Kh6 48. Nf4+ Kg7 49. Rhh5 Kf6 50. Rhb5 Ke7 51. Ra6 Kd7 52. Rh5 Kc7 53. Rg6 Kd7 54. Rh7+ Ke8 55. Rg8# 1-0

[Event "Foment Martinenc op-C 19st"]
[Site "Barcelona"]
[Date "2017.05.06"]
[Round "3.26"]
[White "Bernat Mor, Juli"]
[Black "Andreu Ferro, Biel"]
[Result "1/2-1/2"]
[WhiteElo "1730"]
[BlackElo "1480"]
[PlyCount "63"]
[EventDate "2017.04.22"]
[EventType "swiss"]
[EventRounds "9"]
[EventCountry "ESP"]
[SourceTitle "EXT 2024"]
[Source "ChessBase"]
[SourceDate "2023.10.10"]
[SourceVersion "1"]
[SourceVersionDate "2023.10.10"]
[SourceQuality "1"]

1. d4 d5 2. c4 Nf6 3. Nc3 e6 4. cxd5 Nxd5 5. Nf3 Bb4 6. Qc2 Nc6 7. e4 Nf6 8. Bg5 Nxd4 9. Qd3 Nxf3+ 10. Qxf3 0-0 11. e5 Bxc3+ 12. bxc3 h6 13. Bxf6 gxf6 14. exf6 Qd5 15. Rg1 Rd8 16. Bc4 Qd2+ 17. Kf1 Kf8 18. Qg3 Ke8 19. Qg8+ Kd7 20. Qxf7+ Kc6 21. Qh5 a6 22. Qf3+ Kc5 23. f7 Kxc4 24. f8Q Rxf8 25. Qxf8 Qd3+ 26. Ke1 Qxc3+ 27. Ke2 Qd3+ 28. Ke1 Qc3+ 29. Ke2 Qd3+ 30. Ke1 Qe4+ 31. Kf1 Qd3+ 32. Ke1 1/2-1/2